UITU Library & LRC     

VISIONEER (Record no. 32523)

MARC details
000 -LEADER
fixed length control field 00609nam a2200157Ia 4500
008 - FIXED-LENGTH DATA ELEMENTS--GENERAL INFORMATION
fixed length control field 260210s9999 xx 000 0 und d
024 ## - OTHER STANDARD IDENTIFIER
Standard number or code 19B-131-CS, 19B-091-CS, 19B-106-CS, & 19B-113-CS
082 ## - DEWEY DECIMAL CLASSIFICATION NUMBER
Classification number 006.7072 REH
100 ## - MAIN ENTRY--PERSONAL NAME
Personal name Asad ur Rehman, Muhammad Bilal Khan, Hafiz Bilal Ahmed, & Syeda Shaherbano Jafri
110 ## - MAIN ENTRY--CORPORATE NAME
Corporate name or jurisdiction name as entry element Engr. Rabbia Zuberi
245 #0 - TITLE STATEMENT
Title VISIONEER
260 ## - PUBLICATION, DISTRIBUTION, ETC.
Place of publication, distribution, etc. Karachi:
Name of publisher, distributor, etc. UITU,
Date of publication, distribution, etc. 2019
600 ## - SUBJECT ADDED ENTRY--PERSONAL NAME
Personal name Computer Science
650 ## - SUBJECT ADDED ENTRY--TOPICAL TERM
Topical term or geographic name entry element Bachelor of Computer Science (BS)
856 ## - ELECTRONIC LOCATION AND ACCESS
Uniform Resource Identifier <a href="https://drive.google.com/file/d/1JH74zWcxU4aascp0HKwUpSR_BYgPdcr1/view?usp=sharing">https://drive.google.com/file/d/1JH74zWcxU4aascp0HKwUpSR_BYgPdcr1/view?usp=sharing</a>
Link text Click here for PDF

No items available.

Powered by Koha